Tác động của chiến tranh Triều Tiên (1950-1953) đến vấn đề Đài Loan trong quan hệ Mỹ - Trung /
Salvato in:
| Autore principale: | |
|---|---|
| Natura: | Articolo |
| Lingua: | Vietnamese |
| Soggetti: | |
| Tags: |
Aggiungi Tag
Nessun Tag, puoi essere il primo ad aggiungerne! !
|
| Thư viện lưu trữ: | Thư viện Trường Đại học Đà Lạt |
|---|
| LEADER | 00829nam a2200265 4500 | ||
|---|---|---|---|
| 001 | DLU140164276 | ||
| 005 | ##20140922 | ||
| 040 | # | # | |a DLU |b vie |
| 041 | # | # | |a vie |
| 044 | # | # | |a vn |
| 100 | # | # | |a Ninh Xuân Thao. |
| 245 | # | # | |a Tác động của chiến tranh Triều Tiên (1950-1953) đến vấn đề Đài Loan trong quan hệ Mỹ - Trung / |c Ninh Xuân Thao. |
| 653 | # | # | |a Đài Loan |
| 653 | # | # | |a Quan hệ Mỹ - Trung |
| 653 | # | # | |a Triều Tiên |
| 773 | # | # | |t Tạp chí Nghiên cứu Đông Bắc Á |g Số 5(135), 2012, tr.39-48 |
| 920 | # | # | |a Phòng Tạp chí -- Trung tâm Thông tin - Thư viện Trường Đại học Đà Lạt |
| 994 | # | # | |a DLU |
| 900 | # | # | |a True |
| 911 | # | # | |a Trần Thị Minh Hương |
| 925 | # | # | |a G |
| 926 | # | # | |a A |
| 927 | # | # | |a BB |
| 980 | # | # | |a Thư viện Trường Đại học Đà Lạt |